Fr. Conceicao Rodrigues College of Engineering

Material Science and Engineering (Record no. 21239)

MARC details
000 -LEADER
fixed length control field 00352nam a2200169Ia 4500
100 ## - MAIN ENTRY--PERSONAL NAME
Personal name Raghavan/V
250 ## - EDITION STATEMENT
Edition statement 5
245 ## - TITLE STATEMENT
Title Material Science and Engineering
260 ## - PUBLICATION, DISTRIBUTION, ETC.
Name of publisher, distributor, etc. prentice hall
Date of publication, distribution, etc. 2004
366 ## - TRADE AVAILABILITY INFORMATION
Publishers's discount category 20
300 ## - PHYSICAL DESCRIPTION
Extent 439
546 ## - LANGUAGE NOTE
Language note ENGLISH
650 ## - SUBJECT ADDED ENTRY--TOPICAL TERM
Topical term or geographic name entry element Material science
654 ## - SUBJECT ADDED ENTRY--FACETED TOPICAL TERMS
Focus term material science
942 ## - ADDED ENTRY ELEMENTS (KOHA)
Koha item type BOOK
Holdings
Withdrawn status Lost status Damaged status Not for loan Collection Home library Current library Date acquired Source of acquisition Cost, normal purchase price Inventory number Total Checkouts Full call number Barcode Date last seen Cost, replacement price Price effective from Koha item type Date due Date last checked out
        CRC Fr. Agnel's C.Rodrigues College of Engineering Fr. Agnel's C.Rodrigues College of Engineering 17/03/2023 Educational books and periodicals 180.00 279 dt 15/06/2009   19718 17/03/2023 225.00   BOOK    
        CRC Fr. Agnel's C.Rodrigues College of Engineering Fr. Agnel's C.Rodrigues College of Engineering 17/03/2023 Educational books and periodicals 180.00 279 dt 15/06/2009   19719 17/03/2023 225.00   BOOK    
        CRC Fr. Agnel's C.Rodrigues College of Engineering Fr. Agnel's C.Rodrigues College of Engineering 17/03/2023 Educational books and periodicals 180.00 279 dt 15/06/2009   19721 17/03/2023 225.00   BOOK    
        CRC Fr. Agnel's C.Rodrigues College of Engineering Fr. Agnel's C.Rodrigues- College of Engineering 17/03/2023 Educational books and periodicals 180.00 279 dt 15/06/2009 1 19720 12/06/2023 225.00   BOOK 08/12/2011 12/06/2023